Siyasetin öncelliği (Record no. 10009)
[ view plain ]
| 000 -BAŞLIK | |
|---|---|
| Sabit Uzunlukta Kontrol Alanı | 00959na a2200289 4500 |
| 001 - KONTROL NUMARASI | |
| Denetim Alanı | 16946 |
| 003 - KONTROL NUMARASI IDENTIFIER | |
| Denetim Alanı | MIRAKIL |
| 005 - SON İŞLEM TARİHİ VE ZAMANI | |
| Denetim Alanı | 20181213155304.0 |
| 008 - SABİT-BOY VERİ ELEMANLARI - GENEL BİLGİLER | |
| Sabit Uzunlukta Kontrol Alanı | 161018b tu 000 0 |
| 020 ## - ULUSLARARASI STANDART KİTAP NUMARASI | |
| Uluslararası Standart Kitap Numarası | 9786054657070 |
| 035 ## - SİSTEM KONTROL NUMARASI | |
| Sistem Kontrol Numarası | 16946 |
| 040 ## - KATALOGLAMA KAYNAK | |
| Orijinal Kataloglama Ajansı | Milas |
| Kataloglama Dili | tur |
| Metne Dönüştürmek Ajansı | TR-AnCHP |
| 041 ## - DİL KODU | |
| Metin / Ses Parça Veya Ayrı Başlığın Dil Kodu | tur |
| 082 ## - DEWEY ONLU SINIFLANDIRMA NUMARASI | |
| Sınıflandırma Numarası | 320.5315 |
| Ürün Numarası | B36s 2012 |
| 090 ## - SINIFLAMA NUMARASI | |
| Sınıflama Numarası | 320.5315 B36s 2012 |
| 100 ## - ANA GİRİŞ - KİŞİSEL İSİM | |
| Kişisel Ad | Berman, Sheri |
| 245 ## - BAŞLIK TABLOSU | |
| Başlık | Siyasetin öncelliği |
| Başlığın Kalan | 20. yüzyılda Avrupa'da sosyal demokrasinin inşası |
| Sorumluluk Tablosu, Vb | Sheri Berman; çev Naim Atabağsoy, Soner Torlak |
| 260 ## - YAYIN, DAĞITIM, VB | |
| Yayın, Dağıtım, Vb Yeri | Ankara |
| Yayıncı, Dağıtıcı, Vs Adı | Phoenix |
| Yayın, Dağıtım, Vb Tarihi | 2012 |
| 300 ## - FİZİKSEL TANIM | |
| Kapsam | 411 s. |
| Boyutlar | 20 sm. |
| 440 ## - SERİSİ TABLOSU / KATMA GİRİŞİ - BAŞLIK | |
| Başlık | Sosyal Demokrasi Kitaplığı |
| 500 ## - GENEL NOT | |
| Genel Not | Yapıtın özgün adı : Primacy of Politics: Social Democracy and the Making of Europe's Twentieth Century |
| 650 ## - KONU KATMA GİRİŞ - TOPİKAL DÖNEM | |
| Topikal Süreli Veya Coğrafi Ad Giriş Elemanı | Sosyal demokrasi |
| Genel Alt Bölümü | Siyasal Tarih |
| 651 ## - KONU KATMA GİRİŞ - COĞRAFİ ADI | |
| Coğrafi İsim | Avrupa |
| Genel Alt Bölümü | 20. yüzyıl |
| Kronolojik Alt Bölümü | Sosyal demokrasi |
| 700 ## - KATMA GİRİŞ - KİŞİSEL İSİM | |
| Kişisel Ad | Torlak, Soner |
| 700 ## - KATMA GİRİŞ - KİŞİSEL İSİM | |
| Kişisel Ad | Atabağsoy, Naim |
| 942 ## - EKLENDİ GİRİŞ ELEMANLARI (KOHA) | |
| Sınıflandırma Veya Raf Düzeni Kaynak | |
| Koha Öğesi Türü | Books |
| 999 ## - SİSTEM KONTROL NUMARALARI (KOHA) | |
| Koha Biblionumber | 10009 |
| Koha Biblioitemnumber | 10009 |
| Kalıcı Konum | Mevcut Konum | Edinme Tarihi | Edinim Kaynak | Toplam Check-Out'Lar | Tam Çağrı Numarası | Barkod | Tarih Son Görülme | İtibaren Geçerli Fiyatlar | Koha Öğesi Türü |
|---|---|---|---|---|---|---|---|---|---|
| CHP Kütüphanesi | CHP Kütüphanesi | 10/18/2016 | Bağış | 320.5315 B36s 2012 | 005827 | 10/18/2016 | 10/18/2016 | Books | |
| CHP Kütüphanesi | CHP Kütüphanesi | 04/24/2024 | 320.5315 B36s 2012 | 21878 | 04/24/2024 | 04/24/2024 | Books | ||
| Parti Okulu Kütüphanesi | Parti Okulu Kütüphanesi | 02/27/2024 | 320.5315 B36s 2012 | 21259 | 02/27/2024 | 02/27/2024 | Books |
